000 01735cam a22003854i 4500
003 PE-LiUPU
005 20250731183400.0
008 150623s r 000 0 d
020 _a1565632753
035 _a(Sirsi) i9781565632752
040 _aPE-LiUPU
_bspa
_cPE-LiUPU
_erda
049 _aPRUA
082 0 4 _a783
_bW35
_221
100 1 _aWebber, Robert E.,
_eautor.
245 1 0 _aEnter his courts with praise /
_cRobert E. Webber.
264 1 _aPeabody, Massachusetts :
_bHendrickson Publishers,
_c1997.
300 _a130 páginas :
_bilustraciones, cuadros ;
_c23 centímetros
336 _atext
_2rdacontent
337 _aunmediated
_2rdamedia
338 _avolume
_2rdacarrier
490 0 _aThe Alleluia! Series of The Institute for Worship Studies
505 0 _aMusic and the Arts in Biblical Worship. -The Purpose os Music In Worship. -The place of Praise Music in Worship. -Psalms, Hymns, and Spiritual Songs. -Instruments in Worship. -Music, Worship, and Contemporary culture. -Music in The Future of Christian Worship. -The Rol of the Arts in Worship. -The Primary Worshiip Environment. -The Secondary Worship Environment. -Drama in Worship. -Dance in Worship.
526 _aP158
526 _aP146
526 _aP17
526 _aP12
526 _aP06
650 0 4 _aCulto público
_xMúsica.
942 _2ddc
_cBOOK
949 _a783 W35
_wDEWEY
_c1
_i47955
_lCCODEBUL1
_mBUL
_r0
_sY
_tBOOK
_u2015-6-24
_xTEOLOGIA
_PP35
_0COMPRA
_o.STAFF. Colección General
994 _aC0
_bPEPRU
596 _a1
999 _a783 W35
_wDEWEY
_c24430
_i47955
_f2021-11-11
_g5
_lCCODEBUL1
_mBUL
_r0
_sY
_tBOOK
_u2015-6-24
_xTEOLOGIA
_PP35
_0COMPRA
_o.STAFF. Colección General
_d24430
980 _81
_gALBERTO SANCHEZ Responsable de Automatización